000 01266nam2a22002531 4500
001 v19\rc\1556040
005 20250618130150.0
035 _a(NLR Aleph) 004573649
090 _a2436317
_c2436317
100 _a20060620d1896 |||y0rusy50 ca
101 0 _arus
102 _aRU
105 _ay z |||||
200 0 _a... за 1894 год
210 _d1896
_aБ. м.
215 _a138 с.
461 0 _1001v19\rc\1556035
_12001#$aОтчет Киевского отдела Общества размножения охотничьих и промысловых животных и правильной охоты...$v... за 1894 год
_92436255
_aОбщество размножения охотничьих и промысловых животных и правильной охоты (Москва). Киевский отдел
_cКиев
_d1890-1913
_tОтчет Киевского отдела Общества размножения охотничьих и промысловых животных и правильной охоты...
_v... за 1894 год
801 0 _aRU
_bNLR
_gpsbo
801 0 _aRU
_bRuMoRGB
_2psbo
801 1 _aRU
_bProSoft-M
_2rusmarc
852 _aNLR
_j20.61.2.187(4)
899 _aRuMoRGB (1892-1915*)
_jA 174/58
942 _cBOOK
980 _aNB